Passport to healthy pregnancy / (Record no. 41468)

MARC details
000 -LEADER
fixed length control field 00766nam a22002177a 4500
005 - DATE AND TIME OF LATEST TRANSACTION
control field 2010081202442.0
010 ## - LCCN (DPL NO)
LC control number ENG-100130
020 ## - INTERNATIONAL STANDARD BOOK NUMBER
International Standard Book Number 9788189975685
Terms of availability 499.00
035 ## - SYSTEM CONTROL NUMBER
System control number EN-83662
037 ## - SOURCE OF ACQUISITION
Source of stock number/acquisition DBAD/PUB
082 ## - DEWEY DECIMAL CLASSIFICATION NUMBER
Classification number 573.67
100 ## - MAIN ENTRY--PERSONAL NAME
Personal name Gita Arjun
245 ## - TITLE STATEMENT
Title Passport to healthy pregnancy /
Statement of responsibility, etc by Gita Arjun
260 ## - PUBLICATION, DISTRIBUTION, ETC. (IMPRINT)
Place of publication, distribution, etc Chennai
Name of publisher, distributor, etc Westland
Date of publication, distribution, etc 2009
270 ## - ADDRESS
Address 571, Poonamallee High Road, Kamaraj Bhavan, Aminjikarai
City Chennai
Postal code 600029
300 ## - PHYSICAL DESCRIPTION
Extent 288p.:
Other physical details ill
Dimensions 23cm (pbk)
500 ## - GENERAL NOTE
General note Includes index
650 ## - SUBJECT ADDED ENTRY--TOPICAL TERM
Topical term or geographic name as entry element Pregnancy
942 ## - ADDED ENTRY ELEMENTS (KOHA)
Source of classification or shelving scheme Dewey Decimal Classification
Item type English Books
Classification part 573.67
Call number suffix GIT
Holdings
Withdrawn status Lost status Not for loan Collection code Home library Current library Date acquired Source of acquisition Cost, normal purchase price Full call number Barcode Copy number Cost, replacement price Koha item type
    Not For Loan Non-fiction D.B.Act.Division D.B.Act.Division 12/08/2010 DBAD/PUB 499.00 573.67 GIT EN-83662 1 499.00 English Books

© Delhi Public Library
Hit Counter
free hit counter